000 00964nam a2200241Ia 4500
003 Ost
005 20260507075211.0
008 260507s9999||||xx |||||||||||||| ||und||
020 _a26145299579
040 _cfsecg
041 _aara
082 _a330
100 _aالشنطي، ايمن
_eمؤلف
245 0 _aمحاسبة المنشآت الخاصة :
_bالفروع و الاقسام /
_c ايمن الشنطي
260 _aعمان:
_bدار البداية,
_c2008
300 _a182 صفحة؛
_c24 سم
504 _aمراجع ص.128
520 _aالمحايبة الخاصة ، محاسبة الجمعيات و النوادي ، محايبة الفنادق ، المهن الحرة ، محاسبة المقاولات ، محاسبة المستشفيات ، محاسبة شركات النقل البحري .
653 _aالقطاع الخاص
653 _aالمحاسبة
653 _aمحاسبة الشركات
942 _cكتاب
999 _c43469
_d43469